UBT Library

Maternity and Pediatric Nursing; (Record no. 1460)

000 -LEADER
fixed length control field 00324nam a22001217a 4500
008 - FIXED-LENGTH DATA ELEMENTS--GENERAL INFORMATION
fixed length control field 160420b xxu||||| |||| 00| 0 eng d
020 ## - INTERNATIONAL STANDARD BOOK NUMBER
International Standard Book Number 9781609137472
020 ## - INTERNATIONAL STANDARD BOOK NUMBER
International Standard Book Number 1609137477
041 ## - LANGUAGE CODE
Language code of text/sound track or separate title eng
080 ## - UNIVERSAL DECIMAL CLASSIFICATION NUMBER
Universal Decimal Classification number 618.2
245 10 - TITLE STATEMENT
Title Maternity and Pediatric Nursing;
Statement of responsibility, etc Susan Scott Ricci ;Terri Kyle; Susan Carman;
942 ## - ADDED ENTRY ELEMENTS (KOHA)
Source of classification or shelving scheme
Item type Books
Holdings
Withdrawn status Lost status Source of classification or shelving scheme Damaged status Not for loan Collection code Permanent location Current location Shelving location Date acquired Total Checkouts Full call number Barcode Date last seen Price effective from Koha item type
          Koleksioni i përgjithshem UBT - Lipjan UBT - Lipjan Koleksioni i përgjithshem 04/20/2016   618.2 RICC 002-027725 01/04/2017 04/20/2016 Books
          Koleksioni i përgjithshem UBT - Lipjan UBT - Lipjan Koleksioni i përgjithshem 04/27/2016   618.2 RIC 002-027947 04/27/2016 04/27/2016 Books
UBT Library © 2015-2024. All rights reserved University Education for Business and Technology